000 00438nam a2200169 a 4500
001 11021
003 CO-ViMGA
008 141112s2004 ck r 000 u spa d
020 _a8423990729
040 _aCO-ViMGA
_bspa
_cCO-ViMGA
082 0 4 _aR340.14 F85d
245 1 0 _aDiccionario Jurídico Espasa
260 _aMadrid,
_cEditorial Espasa Calpe,
_c1999
300 _a1010 p.
650 1 4 _aDERECHO - DICCIONARIO
_915208
942 _2ddc
_cBK
999 _c22237
_d22237